Normal view MARC view

Entry Topical Term

Number of records used in: 1

001 - CONTROL NUMBER

  • control field: 43610

003 - CONTROL NUMBER IDENTIFIER

  • control field:

005 - DATE AND TIME OF LATEST TRANSACTION

  • control field: 20240425101200.0

008 - FIXED-LENGTH DATA ELEMENTS

  • fixed length control field: 240425|| aca||aabn | a|a d

040 ## - CATALOGING SOURCE

  • Original cataloging agency:
  • Transcribing agency:

150 ## - HEADING--TOPICAL TERM

  • Topical term or geographic name entry element: Scania
  • Form subdivision: Metropol buses in Lagos

670 ## - SOURCE DATA FOUND

  • Source citation: Work cat.: ()22082: Nigeria. Lagos State. Tribunal of Inquiry into the purchase of Scania-Metropol buses from Sweden, 1970 43608, Comments of the Lagos State Government on the report, 1971

National Library of Nigeria OPAC is powered by Koha